Année des titres du Stade Toulousain - Statistiques

Statistiques générales
  • Ce quiz a été pris 20 fois
  • Le résultat moyen est 27 sur 30
Statistiques - réponses
Compétition Année % Correct
5eme coupe d'europe 2021
100%
21eme championnat de france 2021
100%
22eme championnat de france 2023
100%
6eme coupe d'europe 2024
100%
23eme championnat de france 2024
100%
24eme championnat de france 2025
100%
14eme championnat de france 1997
95%
15eme championnat de france 1999
95%
16eme championnat de france 2001
95%
17eme championnat de france 2008
95%
4eme coupe d'europe 2010
95%
18eme championnat de france 2011
95%
19eme championnat de france 2012
95%
20eme championnat de france 2019
95%
8eme championnat de france 1985
89%
9eme championnat de france 1986
89%
11eme championnat de france 1994
89%
12eme championnat de france 1995
89%
1ere coupe d'europe 1996
89%
13eme championnat de france 1996
89%
2eme coupe d'europe 2003
89%
3eme coupe d'europe 2005
89%
10eme championnat de france 1989
84%
1er championnat de france 1912
79%
2eme championnat de france 1922
79%
3eme championnat de france 1923
79%
4eme championnat de france 1924
79%
5eme championnat de france 1926
79%
7eme championnat de france 1947
79%
6eme championnat de france 1927
74%
Aucun quiz correspondant
Distribution des résultats
% des personnes avec chaque résultat
Percentile par nombre de réponses
Votre historique - résultats
Vous n’avez pas pris ce quiz